La decisión de privatizar Fines públicas, medios privados (Registro nro. 16937)

Detalles MARC
000 -ENCABEZADO
Número de control [NR] 00822nam a2200241Ia 4500
008 - DE LONGITUD FIJA DE DATOS DE ELEMENTOS - INFORMACIÓN GENERAL
Elementos de longitud fija [NR] 130821s1991 sp gr spa
020 ## - NUMERO INTERNACIONAL NORMALIZADO PARA LIBROS [R]
Número Internacional Normalizado del libro [NR] 8475097170
040 ## - FUENTE DE CATALOGACION [NR]
Agencia de catalogación original [NR] Co-BoUCM
Idioma de catalogación [NR] spa
041 ## - CODIGO DE IDIOMA [R]
Código de idioma para texto/pista de sonido o título separado [R] Español
100 ## - ASIENTO PRINCIPAL--NOMBRE PERSONAL [NR]
Nombre personal [NR] Donahue, John D.
245 #3 - MENCION DE TITULO [NR]
Título [NR] La decisión de privatizar Fines públicas, medios privados
Mención de responsabilidad, etc. [NR] John D. Donahue ; Traducción de Lorenzo J. Gonzalez Videla
250 ## - MENCION DE EDICION [NR]
Mención de edición [NR] 1a. ed.
260 ## - PUBLICACION, DISTRIBUCION, ETC. (PIE DE IMPRENTA) [R]
Lugar de publicación, distribución, etc. [R] Barcelona (España)
Nombre del editor, distribuidor, etc. [R] Paidós
Fecha de publicación, distribución, etc. [R] 1991
300 ## - DESCRIPCION FISICA [R]
Extensión [R] 366 páginas
490 ## - MENCION DE SERIE [R]
Mención de serie [R] Paidós Estado y Siciedad
-- 6
504 ## - NOTA DE BIBLIOGRAFIA, ETC. [R]
Nota de bibliografía, etc. [NR]
650 04 - ASIENTO SECUNDARIO DE MATERIA - TERMINO TEMATICO [R]
Término temático o nombre geográfico como elemento de entrada [NR] Macroeconomía
9 (RLIN) 18838
650 04 - ASIENTO SECUNDARIO DE MATERIA - TERMINO TEMATICO [R]
Término temático o nombre geográfico como elemento de entrada [NR] Privatización
9 (RLIN) 22302
700 ## - ASIENTO SECUNDARIO - NOMBRE PERSONAL [R]
Nombre personal [NR] Gonzalez Videla, Lorenzo J
Término de relación [R]
765 ## - ASIENTO DE IDIOMA ORIGINAL [R]
Título [NR] The privatization decission
942 ## - ELEMENTOS DE ENTRADA AGREGADOS (KOHA)
Tipo de ítem principal el descrito en 300a Libro
Tema principal Economía
Edición 1
Parte restante de la signatura top. D65
Sistema de clasificación DEWEY
Clasificación 338.9
Existencias
Fecha de último préstamo Total préstamos Total Renewals Signatura topográfica Código de barras Última vez visto Volúmen / Fascículo Ejemplar Price effective from Tipo de ítem Perdido Sistema de clasificación Dañado No prestable Tipo de ítem específico Suprimido Ubicación habitual Ubicación actual Localización Fecha de creación Forma de adquisición Costo
11/03/2015 30 4 338.9 D65 100043588 03/12/2025 1A. ED Ej.2 03/02/2013 Libro   DEWEY     Libro   Claustro Claustro Mezanine 28/02/2003 Compra 41900.00
29/09/2015 42 6 338.9 D65 100036758 03/12/2025 1A. ED Ej.1 03/02/2013 Libro   DEWEY     Libro   Claustro Claustro Mezanine 28/02/2003 Compra 35500.00